|
|
|
|
| LEADER |
00000nam0a2200000 4500 |
| 001 |
8574 |
| 005 |
20260225071557.0 |
| 010 |
|
|
|a 5873229295
|
| 035 |
|
|
|a (RuTPU)RU\TPU\book\8623
|
| 035 |
|
|
|a BOOK00008682
|
| 090 |
|
|
|a 8574
|
| 100 |
|
|
|a 20011209d1998 m y0rusy50 ca
|
| 101 |
0 |
|
|a rus
|
| 102 |
|
|
|a RU
|
| 105 |
|
|
|a y z 000zy
|
| 200 |
1 |
|
|a Тайны уходящего века-2. Сенсации. Антисенсации. Суперсенсации
|f Н. Зенькович
|
| 210 |
|
|
|a Москва
|c Олма-Пресс
|d 1998
|
| 215 |
|
|
|a 604 с.
|
| 225 |
1 |
|
|a Досье
|
| 606 |
|
|
|7 ca
|8 rus
|a Россия
|x История
|z 20 в. - ...
|9 83439
|
| 610 |
1 |
|
|a КПСС
|
| 610 |
1 |
|
|a 20 век
|
| 610 |
1 |
|
|a сенсации
|
| 610 |
1 |
|
|a СССР
|
| 686 |
|
|
|a Т3(2)6
|2 rubbk
|
| 686 |
|
|
|a Ф61(2)2
|2 rubbk
|
| 700 |
|
1 |
|a Зенькович
|b Н.
|g Николай
|
| 801 |
|
0 |
|a RU
|b 63413507
|c 20011209
|g PSBO
|
| 801 |
|
2 |
|a RU
|b 63413507
|c 20070619
|g PSBO
|
| 942 |
|
|
|c BK
|